[Event "GBR-ch111 Major Open"]
[Site "Liverpool"]
[Date "2025.08.05"]
[Round "4.28"]
[White "Potter, John M"]
[Black "Dissanayake, Sathsara"]
[Result "1-0"]
[WhiteElo "2015"]
[BlackElo "1733"]
[PlyCount "61"]
[EventDate "2025.08.02"]
[EventType "swiss"]
[EventRounds "9"]
[EventCountry "GBR"]
[SourceTitle "BritBase"]
[Source "John Saunders"]
[SourceDate "2025.08.11"]
[SourceVersion "1"]
[SourceVersionDate "2025.08.11"]
[SourceQuality "1"]

1. Nf3 Nf6 2. g3 g6 3. Bg2 Bg7 4. O-O O-O 5. d3 d5 6. Nc3 c5 7. Nd2 e5 8. e4 d4 9. Ne2 Ne8 10. f4 Nc6 11. f5 Nd6 12. g4 h6 13. Ng3 g5 14. f6 Bxf6 15. Nf5 Bxf5 16. exf5 Rc8 17. Ne4 Nxe4 18. Bxe4 Kg7 19. Qf3 Qd6 20. a4 b6 21. Rf2 Be7 22. Qh3 f6 23. Qh5 Rh8 24. Qg6+ Kf8 25. h4 Bd8 26. hxg5 Ne7 27. Qh5 fxg5 28. Bxg5 Ng8 29. Bxd8 Qxd8 30. f6 Rc7 31. g5 1-0

[Event "GBR-ch111 Major Open"]
[Site "Liverpool"]
[Date "2025.08.05"]
[Round "4.29"]
[White "Patel, Keatan"]
[Black "Hughes, Padraig"]
[Result "1/2-1/2"]
[WhiteElo "2041"]
[BlackElo "1877"]
[PlyCount "85"]
[EventDate "2025.08.02"]
[EventType "swiss"]
[EventRounds "9"]
[EventCountry "GBR"]
[SourceTitle "BritBase"]
[Source "John Saunders"]
[SourceDate "2025.08.11"]
[SourceVersion "1"]
[SourceVersionDate "2025.08.11"]
[SourceQuality "1"]

1. Nf3 d5 2. b3 Nf6 3. Bb2 c5 4. e3 a6 5. c4 e6 6. Be2 Nc6 7. cxd5 exd5 8. d4 cxd4 9. Nxd4 Bb4+ 10. Bc3 Qa5 11. Qd2 Nxd4 12. Qxd4 Bxc3+ 13. Nxc3 Be6 14. O-O O-O 15. Bf3 Rac8 16. Rac1 Rfd8 17. Na4 Ne4 18. Nb6 Rxc1 19. Rxc1 Nf6 20. a4 Rd6 21. Nc8 Rd7 22. Qc5 Qxc5 23. Rxc5 d4 24. Nb6 Rd8 25. exd4 Rxd4 26. h3 Rb4 27. a5 Ne4 28. Rc7 g6 29. Rxb7 Nc5 30. Ra7 Rxb3 31. Be2 Ra3 32. Bxa6 Rxa5 33. Ra8+ Kg7 34. Be2 Rxa8 35. Nxa8 Bd5 36. Nb6 Bc6 37. f3 f5 38. Kf2 Kf6 39. g4 fxg4 40. hxg4 h5 41. gxh5 gxh5 42. Kg3 Ne6 43. Bc4 1/2-1/2

[Event "GBR-ch111 Major Open"]
[Site "Liverpool"]
[Date "2025.08.05"]
[Round "4.30"]
[White "Mortazavi, Sami"]
[Black "Freeman, Luke"]
[Result "1/2-1/2"]
[WhiteElo "1805"]
[BlackElo "1963"]
[PlyCount "43"]
[EventDate "2025.08.02"]
[EventType "swiss"]
[EventRounds "9"]
[EventCountry "GBR"]
[SourceTitle "BritBase"]
[Source "John Saunders"]
[SourceDate "2025.08.11"]
[SourceVersion "1"]
[SourceVersionDate "2025.08.11"]
[SourceQuality "1"]

1. Nf3 c5 2. g3 Nc6 3. Bg2 g6 4. c4 Bg7 5. Nc3 d6 6. O-O e5 7. a3 a5 8. d3 Nge7 9. Ne1 O-O 10. Rb1 Be6 11. Nc2 Rb8 12. b4 axb4 13. axb4 cxb4 14. Nxb4 Nxb4 15. Rxb4 d5 16. cxd5 Nxd5 17. Nxd5 Bxd5 18. Bxd5 Qxd5 19. Qb3 Qxb3 20. Rxb3 Rfc8 21. Ba3 Rc2 22. e3 1/2-1/2

[Event "GBR-ch111 Major Open"]
[Site "Liverpool"]
[Date "2025.08.05"]
[Round "4.31"]
[White "Ashworth, Robert M"]
[Black "Bennett, Max"]
[Result "0-1"]
[WhiteElo "1951"]
[BlackElo "1852"]
[PlyCount "60"]
[EventDate "2025.08.02"]
[EventType "swiss"]
[EventRounds "9"]
[EventCountry "GBR"]
[SourceTitle "BritBase"]
[Source "John Saunders"]
[SourceDate "2025.08.11"]
[SourceVersion "1"]
[SourceVersionDate "2025.08.11"]
[SourceQuality "1"]

1. e4 c5 2. Nf3 Nf6 3. e5 Nd5 4. c4 Nc7 5. Nc3 Nc6 6. Bd3 g6 7. O-O Bg7 8. Re1 O-O 9. b3 d6 10. exd6 Qxd6 11. Be4 Rd8 12. Bb2 Bg4 13. Bxc6 Qxc6 14. Rb1 Bxf3 15. gxf3 Rd7 16. Ne4 Ne6 17. Bxg7 Kxg7 18. Re3 Rad8 19. Rb2 Nf4 20. Qc2 Qe6 21. Qd1 Qh3 22. Qf1 Qh4 23. Nxc5 Qg5+ 24. Kh1 Qxc5 25. Re4 Qg5 26. Rb1 Rxd2 27. Rbe1 e6 28. Re5 Qh4 29. R5e4 Rxf2 30. Qg1 Rdd2 0-1

[Event "GBR-ch111 Major Open"]
[Site "Liverpool"]
[Date "2025.08.05"]
[Round "4.32"]
[White "Amoako, Selikem PJ"]
[Black "Clerc, Oceane"]
[Result "1-0"]
[WhiteElo "1948"]
[BlackElo "1844"]
[PlyCount "57"]
[EventDate "2025.08.02"]
[EventType "swiss"]
[EventRounds "9"]
[EventCountry "GBR"]
[SourceTitle "BritBase"]
[Source "John Saunders"]
[SourceDate "2025.08.11"]
[SourceVersion "1"]
[SourceVersionDate "2025.08.11"]
[SourceQuality "1"]

1. e4 c5 2. Nc3 Nc6 3. g3 e6 4. Bg2 g6 5. d3 Bg7 6. Nge2 Nge7 7. Be3 b6 8. Qd2 h6 9. O-O d5 10. exd5 exd5 11. d4 cxd4 12. Nxd4 Ne5 13. b3 Bb7 14. Rfe1 h5 15. Bf4 Ng4 16. Bg5 Nf6 17. Qf4 Nfg8 18. Ncb5 Bxd4 19. Qxd4 Rh7 20. Qe5 Kf8 21. Qf4 Qd7 22. Nc7 Rc8 23. Ne6+ Ke8 24. Bxe7 Nxe7 25. Ng5 Rg7 26. Qf6 Rxc2 27. Qxg7 Qf5 28. Nf3 Kd8 29. Qf8+ 1-0

[Event "GBR-ch111 Major Open"]
[Site "Liverpool"]
[Date "2025.08.05"]
[Round "4.33"]
[White "McDonagh, Michael"]
[Black "Blinkhorn, Joshua"]
[Result "1-0"]
[WhiteElo "1947"]
[BlackElo "1838"]
[PlyCount "63"]
[EventDate "2025.08.02"]
[EventType "swiss"]
[EventRounds "9"]
[EventCountry "GBR"]
[SourceTitle "BritBase"]
[Source "John Saunders"]
[SourceDate "2025.08.11"]
[SourceVersion "1"]
[SourceVersionDate "2025.08.11"]
[SourceQuality "1"]

1. c4 g6 2. Nc3 c5 3. Nf3 Bg7 4. d4 cxd4 5. Nxd4 Nc6 6. Nc2 e6 7. e4 Nge7 8. Be2 O-O 9. O-O b6 10. Be3 Bb7 11. Qd2 Rc8 12. Rad1 Na5 13. Qxd7 Qc7 14. Nb5 Qxd7 15. Rxd7 Bxe4 16. Rxe7 Bxc2 17. Nxa7 Rb8 18. b3 Rfd8 19. Bf4 e5 20. Bxe5 Kf8 21. Bxb8 Kxe7 22. Bf4 Nb7 23. Nc6+ Ke8 24. Nxd8 Kxd8 25. Rc1 Bf5 26. Be3 Kc7 27. g4 Bb2 28. Rf1 Be6 29. Rd1 Ba3 30. Bf3 Nc5 31. Bf4+ Kc8 32. Rd6 1-0

[Event "GBR-ch111 Major Open"]
[Site "Liverpool"]
[Date "2025.08.05"]
[Round "4.34"]
[White "Zhu, Pengxiao"]
[Black "Keen, Maya"]
[Result "1-0"]
[WhiteElo "1938"]
[BlackElo "1805"]
[PlyCount "55"]
[EventDate "2025.08.02"]
[EventType "swiss"]
[EventRounds "9"]
[EventCountry "GBR"]
[SourceTitle "BritBase"]
[Source "John Saunders"]
[SourceDate "2025.08.11"]
[SourceVersion "1"]
[SourceVersionDate "2025.08.11"]
[SourceQuality "1"]

1. d4 d5 2. c4 c6 3. cxd5 cxd5 4. Bf4 Nf6 5. e3 Nc6 6. Nc3 e6 7. Bd3 a6 8. Rc1 Bd6 9. Bxd6 Qxd6 10. f4 h5 11. Nf3 b5 12. O-O Bb7 13. Ne5 O-O 14. Kh1 Ne7 15. Qf3 Nf5 16. Rg1 g6 17. Nd1 Rac8 18. Rxc8 Rxc8 19. Nf2 Kg7 20. g4 hxg4 21. Nfxg4 Rh8 22. Nxf6 Kxf6 23. Qg4 Rh6 24. Bxf5 exf5 25. Qg5+ Kg7 26. Qxh6+ Kxh6 27. Nxf7+ Kg7 28. Nxd6 1-0

[Event "GBR-ch111 Major Open"]
[Site "Liverpool"]
[Date "2025.08.05"]
[Round "4.35"]
[White "Railwani, Tavish"]
[Black "Vadalia, Jainill"]
[Result "0-1"]
[WhiteElo "1714"]
[BlackElo "1929"]
[PlyCount "172"]
[EventDate "2025.08.02"]
[EventType "swiss"]
[EventRounds "9"]
[EventCountry "GBR"]
[SourceTitle "BritBase"]
[Source "John Saunders"]
[SourceDate "2025.08.11"]
[SourceVersion "1"]
[SourceVersionDate "2025.08.11"]
[SourceQuality "1"]

1. e4 e5 2. Nf3 Nc6 3. Bc4 Bc5 4. d3 d6 5. c3 Bb6 6. b4 h6 7. a4 a5 8. b5 Nb8 9. Nbd2 Nf6 10. O-O O-O 11. Bb2 Re8 12. Re1 Nbd7 13. d4 Nf8 14. Qb3 Be6 15. Bxe6 Nxe6 16. Nc4 exd4 17. Nxb6 Nc5 18. Qc4 cxb6 19. e5 dxc3 20. Bxc3 d5 21. Qd4 Nfe4 22. Ra3 Ne6 23. Qd3 Qd7 24. Nd2 Nxd2 25. Bxd2 Nc5 26. Qd4 Qe6 27. Rae3 Rac8 28. f4 Red8 29. Rf3 Qf5 30. Rc1 Qe4 31. Be3 Qxd4 32. Bxd4 Nxa4 33. Rd1 Rc4 34. Rg3 Nc5 35. f5 Ne4 36. Bxb6 Nxg3 37. Bxd8 Nxf5 38. Rxd5 a4 39. b6 Rc1+ 40. Kf2 Rc2+ 41. Kf3 a3 42. Ke4 a2 43. Ra5 Nh4 44. Bxh4 Rc4+ 45. Kd5 Rxh4 46. Rxa2 Rb4 47. Kc5 Rb1 48. Ra7 Rc1+ 49. Kd6 Rc6+ 50. Kd7 Rxb6 51. Kc7 Rb2 52. Rxb7 Rxg2 53. Kd6 Re2 54. h4 g6 55. Rb8+ Kg7 56. Rb7 g5 57. h5 Rd2+ 58. Ke7 Rd5 59. e6 Re5 60. Kd6 Rxe6+ 61. Kd5 Re3 62. Kd6 Rh3 63. Ke7 Rxh5 64. Ke8 Rh1 65. Rxf7+ Kg6 66. Ra7 Rf1 67. Ra6+ Rf6 68. Ra5 g4 69. Ke7 Rf5 70. Ra6+ Kg5 71. Ra1 g3 72. Ke6 h5 73. Rh1 h4 74. Ra1 h3 75. Ra8 g2 76. Rh8 Rf6+ 77. Ke5 g1=Q 78. Rg8+ Rg6 79. Rh8 Qa1+ 80. Ke4 Qxh8 81. Kd5 Qd8+ 82. Kc5 Qb6+ 83. Kc4 Rc6+ 84. Kd5 Qb5+ 85. Ke4 Rc4+ 86. Kf3 Qb3+ 0-1

[Event "GBR-ch111 Major Open"]
[Site "Liverpool"]
[Date "2025.08.05"]
[Round "4.36"]
[White "Sharma, Josh"]
[Black "Islam, Mohammed"]
[Result "1-0"]
[WhiteElo "1925"]
[BlackElo "1803"]
[PlyCount "85"]
[EventDate "2025.08.02"]
[EventType "swiss"]
[EventRounds "9"]
[EventCountry "GBR"]
[SourceTitle "BritBase"]
[Source "John Saunders"]
[SourceDate "2025.08.11"]
[SourceVersion "1"]
[SourceVersionDate "2025.08.11"]
[SourceQuality "1"]

1. e4 e5 2. Nf3 Nc6 3. Bc4 Bc5 4. c3 Nf6 5. d4 exd4 6. b4 Be7 7. b5 Na5 8. Bd3 d5 9. e5 Ne4 10. cxd4 O-O 11. O-O Bg4 12. Nbd2 c5 13. bxc6 Nxc6 14. h3 Bxf3 15. Nxf3 f6 16. exf6 Bxf6 17. Bb2 Re8 18. Re1 Rc8 19. Qa4 Qd6 20. Rac1 a6 21. Ne5 Nxe5 22. dxe5 Bxe5 23. Bxe5 Qxe5 24. Rxc8 Rxc8 25. Bxe4 dxe4 26. Qb3+ Kf8 27. Qxb7 Re8 28. Qxa6 Qc3 29. Qd6+ Kf7 30. Qd5+ Kf6 31. Qd6+ Re6 32. Qf4+ Kg6 33. Rxe4 Qa1+ 34. Kh2 Rxe4 35. Qxe4+ Kf6 36. Qf4+ Ke6 37. Qe4+ Kf6 38. a4 h6 39. g3 Qa2 40. Kg2 Qd2 41. Qf4+ Qxf4 42. gxf4 Ke6 43. Kf3 1-0

[Event "GBR-ch111 Major Open"]
[Site "Liverpool"]
[Date "2025.08.05"]
[Round "4.37"]
[White "Chapman, Luke"]
[Black "Ranasinghe, Chaniru"]
[Result "0-1"]
[WhiteElo "1921"]
[BlackElo "1642"]
[PlyCount "56"]
[EventDate "2025.08.02"]
[EventType "swiss"]
[EventRounds "9"]
[EventCountry "GBR"]
[SourceTitle "BritBase"]
[Source "John Saunders"]
[SourceDate "2025.08.11"]
[SourceVersion "1"]
[SourceVersionDate "2025.08.11"]
[SourceQuality "1"]

1. e4 c5 2. Be2 d6 3. d3 Nf6 4. f4 g6 5. Nf3 Nc6 6. O-O Bg7 7. Qe1 e5 8. a4 Nd4 9. Nxd4 cxd4 10. Nd2 Qc7 11. Bd1 O-O 12. Qh4 d5 13. f5 dxe4 14. dxe4 b6 15. Ra3 Bb7 16. Rh3 Qc6 17. fxg6 fxg6 18. c3 Bc8 19. Rhf3 Bg4 20. Rxf6 Rxf6 21. Rxf6 Bxf6 22. Qxg4 dxc3 23. Nf3 c2 24. Be2 Rd8 25. Ng5 Bxg5 26. Qxg5 Qc5+ 27. Qe3 Rd1+ 28. Kf2 Rxc1 0-1

[Event "GBR-ch111 Major Open"]
[Site "Liverpool"]
[Date "2025.08.05"]
[Round "4.38"]
[White "Nitish, Brunth Sundar"]
[Black "Sugden, John N"]
[Result "1/2-1/2"]
[WhiteElo "1782"]
[BlackElo "1920"]
[PlyCount "104"]
[EventDate "2025.08.02"]
[EventType "swiss"]
[EventRounds "9"]
[EventCountry "GBR"]
[SourceTitle "BritBase"]
[Source "John Saunders"]
[SourceDate "2025.08.11"]
[SourceVersion "1"]
[SourceVersionDate "2025.08.11"]
[SourceQuality "1"]

1. d4 Nf6 2. Bf4 c5 3. e3 cxd4 4. exd4 d5 5. c3 Nc6 6. Bd3 Bg4 7. Nf3 e6 8. Qb3 Qc8 9. Nbd2 Be7 10. h3 Bh5 11. O-O O-O 12. Ne5 Nxe5 13. dxe5 Nd7 14. Qc2 Bg6 15. Nf3 Bxd3 16. Qxd3 Nb6 17. Nd4 a6 18. Qg3 Re8 19. Rae1 Nc4 20. Bc1 Na5 21. Ne2 Nc6 22. Nf4 Kh8 23. Nh5 Rg8 24. Qg4 Bf8 25. f4 Bc5+ 26. Be3 Ne7 27. Ng3 Nf5 28. Nxf5 exf5 29. Qf3 Rd8 30. Kh2 Bxe3 31. Qxe3 Qe6 32. Rf2 Rd7 33. Rd2 Rad8 34. Rd4 g6 35. Re2 Kg7 36. Qf3 h5 37. Red2 Kf8 38. Qg3 Qe7 39. Qd3 Ke8 40. c4 dxc4 41. Qxc4 Rxd4 42. Rxd4 Rxd4 43. Qxd4 Qe6 44. b3 Qc6 45. a4 Qc2 46. Qb4 Qc6 47. Kg3 Qd5 48. Qc4 Qd1 49. Qc3 Qd5 50. Qc4 Qd7 51. Qc3 Qd5 52. Qc4 Qd7 1/2-1/2

[Event "GBR-ch111 Major Open"]
[Site "Liverpool"]
[Date "2025.08.05"]
[Round "4.39"]
[White "Vaidyanathan, Sathya"]
[Black "Shankar, Yashwardhan"]
[Result "0-1"]
[WhiteElo "1915"]
[BlackElo "1761"]
[PlyCount "85"]
[EventDate "2025.08.02"]
[EventType "swiss"]
[EventRounds "9"]
[EventCountry "GBR"]
[SourceTitle "BritBase"]
[Source "John Saunders"]
[SourceDate "2025.08.11"]
[SourceVersion "1"]
[SourceVersionDate "2025.08.11"]
[SourceQuality "1"]

1. e4 c5 2. c3 d5 3. exd5 Qxd5 4. d4 Nf6 5. Nf3 Nc6 6. Be3 cxd4 7. cxd4 e6 8. Nc3 Qd8 9. Bc4 Be7 10. O-O O-O 11. Rc1 b6 12. a3 Bb7 13. Re1 h6 14. Ba2 Bd6 15. Qd2 Ne7 16. Qe2 Ned5 17. Ne5 Nxc3 18. Rxc3 Bxe5 19. dxe5 Nd5 20. Rec1 Qe7 21. Qg4 Nxe3 22. Rxe3 Rac8 23. Rce1 Qg5 24. Qxg5 hxg5 25. Bb3 Rfd8 26. h3 Ba6 27. Rd1 Rxd1+ 28. Bxd1 Rc1 29. Re1 Bc4 30. f3 Bb3 31. Bxb3 Rxe1+ 32. Kf2 Rb1 33. Bc4 Rxb2+ 34. Kg3 b5 35. Bf1 Rb3 36. Kg4 a6 37. Kxg5 Rxa3 38. Kf4 Ra1 39. Bd3 b4 40. Bc4 a5 41. Ke3 a4 42. Kd2 b3 43. Kc3 0-1

[Event "GBR-ch111 Major Open"]
[Site "Liverpool"]
[Date "2025.08.05"]
[Round "4.40"]
[White "Cann, Arthur"]
[Black "Rughani, Mahin"]
[Result "0-1"]
[WhiteElo "1677"]
[BlackElo "1906"]
[PlyCount "92"]
[EventDate "2025.08.02"]
[EventType "swiss"]
[EventRounds "9"]
[EventCountry "GBR"]
[SourceTitle "BritBase"]
[Source "John Saunders"]
[SourceDate "2025.08.11"]
[SourceVersion "1"]
[SourceVersionDate "2025.08.11"]
[SourceQuality "1"]

1. d4 Nf6 2. c4 e6 3. Nf3 d5 4. Nc3 Be7 5. Bg5 Nbd7 6. e3 O-O 7. Bd3 b6 8. e4 dxe4 9. Nxe4 Bb7 10. Ned2 c5 11. Qc2 cxd4 12. Nxd4 Nc5 13. N2b3 Nxd3+ 14. Qxd3 e5 15. Qg3 Ne4 16. Bxe7 Qxe7 17. Qxg7+ Kxg7 18. Nf5+ Kf6 19. Nxe7 Kxe7 20. O-O Rg8 21. f3 Nc5 22. Nxc5 bxc5 23. Rae1 Ke6 24. Rf2 Rad8 25. Rfe2 f6 26. Kf2 Rd4 27. Rc1 Rgd8 28. Rc3 Ba6 29. b3 Rd2 30. Rce3 Rxe2+ 31. Kxe2 Rd4 32. g4 h6 33. h3 f5 34. Rc3 Bb7 35. a3 a5 36. Rc1 Ba6 37. Rc3 a4 38. Ke1 fxg4 39. hxg4 axb3 40. Rxb3 Bxc4 41. Rb8 Rd6 42. a4 Kd5 43. Kf2 Ba6 44. Ke3 c4 45. a5 c3 46. Rb1 Kc4 0-1

[Event "GBR-ch111 Major Open"]
[Site "Liverpool"]
[Date "2025.08.05"]
[Round "4.41"]
[White "Jayar, Om Reddy"]
[Black "Wilkinson, Daniel"]
[Result "1-0"]
[WhiteElo "1686"]
[BlackElo "1889"]
[PlyCount "93"]
[EventDate "2025.08.02"]
[EventType "swiss"]
[EventRounds "9"]
[EventCountry "GBR"]
[SourceTitle "BritBase"]
[Source "John Saunders"]
[SourceDate "2025.08.11"]
[SourceVersion "1"]
[SourceVersionDate "2025.08.11"]
[SourceQuality "1"]

1. c4 f5 2. Nc3 Nf6 3. g3 g6 4. Bg2 Bg7 5. d3 d6 6. e4 Nc6 7. Nge2 O-O 8. O-O a5 9. h3 Kh8 10. Kh2 Ra6 11. Rb1 Be6 12. b3 Bf7 13. Be3 e5 14. Qd2 Nh5 15. exf5 gxf5 16. f4 Rg8 17. Nd5 Nd4 18. fxe5 Nxe2 19. Qxe2 Nxg3 20. Kxg3 Bxe5+ 21. Kf2 Qh4+ 22. Kg1 Bxd5 23. cxd5 Qxh3 24. Rf3 Qh2+ 25. Kf1 f4 26. Rh3 Qxg2+ 27. Qxg2 Rxg2 28. Kxg2 fxe3 29. Rbh1 Kg8 30. Rxh7 Bg7 31. R7h4 c6 32. Kf3 cxd5 33. Rg1 b5 34. Rhg4 Ra7 35. Kxe3 Re7+ 36. Kd2 Kf8 37. Rg6 Be5 38. Rf1+ Ke8 39. d4 Bxd4 40. Rxd6 Be3+ 41. Kd3 d4 42. Rd5 a4 43. b4 Rh7 44. Re1 Re7 45. Rxb5 a3 46. Rd5 Kf7 47. Rxd4 1-0

[Event "GBR-ch111 Major Open"]
[Site "Liverpool"]
[Date "2025.08.05"]
[Round "4.42"]
[White "Ellson, Louie"]
[Black "Xian, Junhao"]
[Result "0-1"]
[WhiteElo "1807"]
[BlackElo "2159"]
[PlyCount "114"]
[EventDate "2025.08.02"]
[EventType "swiss"]
[EventRounds "9"]
[EventCountry "GBR"]
[SourceTitle "BritBase"]
[Source "John Saunders"]
[SourceDate "2025.08.11"]
[SourceVersion "1"]
[SourceVersionDate "2025.08.11"]
[SourceQuality "1"]

1. d4 f5 2. g3 Nf6 3. Bg2 g6 4. b3 Bg7 5. Bb2 O-O 6. Nf3 d6 7. O-O Ne4 8. c4 Nc6 9. Qc2 e5 10. d5 Ne7 11. Nbd2 Nf6 12. e4 Bh6 13. exf5 Bxf5 14. Qc3 g5 15. h3 g4 16. Nh4 Bd7 17. hxg4 Nxg4 18. Rae1 Rf7 19. f4 Bg7 20. Qc2 Nf5 21. Nxf5 Bxf5 22. Be4 Bxe4 23. Qxe4 exf4 24. Bxg7 Rxg7 25. Rxf4 Ne5 26. Qe3 Rg6 27. Rf5 Qd7 28. Ref1 Qg7 29. Ne4 Kh8 30. Kg2 Ng4 31. Qd2 Re8 32. R1f3 Rh6 33. Kg1 Rh2 34. Qc3 Qxc3 35. Nxc3 Rc2 36. Rf8+ Rxf8 37. Rxf8+ Kg7 38. Rf3 Ne5 39. Re3 a6 40. Kf1 Kg6 41. a4 Kf5 42. Ne2 Rd2 43. Ke1 Rd3 44. Rxd3 Nxd3+ 45. Kd2 Nc5 46. Nd4+ Kg4 47. a5 Kxg3 48. b4 Nd7 49. Ne6 h5 50. Ke2 h4 51. Kf1 h3 52. Kg1 Ne5 53. Nd4 Nf3+ 54. Nxf3 Kxf3 55. Kh2 Ke4 56. b5 Kd4 57. c5 Kxc5 0-1

[Event "GBR-ch111 Major Open"]
[Site "Liverpool"]
[Date "2025.08.05"]
[Round "4.43"]
[White "Williams, John P"]
[Black "Nguyen, Lam Vy Le"]
[Result "1/2-1/2"]
[WhiteElo "2027"]
[BlackElo "1807"]
[PlyCount "79"]
[EventDate "2025.08.02"]
[EventType "swiss"]
[EventRounds "9"]
[EventCountry "GBR"]
[SourceTitle "BritBase"]
[Source "John Saunders"]
[SourceDate "2025.08.11"]
[SourceVersion "1"]
[SourceVersionDate "2025.08.11"]
[SourceQuality "1"]

1. e4 e5 2. Nf3 Nc6 3. Bb5 a6 4. Bxc6 dxc6 5. O-O Bg4 6. h3 Bxf3 7. Qxf3 Qd7 8. Qg3 f6 9. d3 O-O-O 10. Nc3 h5 11. f4 exf4 12. Qxf4 Bc5+ 13. Be3 g5 14. Qf2 Bb4 15. Qf5 g4 16. Ne2 Kb8 17. Qxd7 Rxd7 18. h4 Be7 19. Rf5 Bd8 20. Ng3 Rdh7 21. Bd4 Kc8 22. Raf1 Kd7 23. e5 fxe5 24. Bxe5 Ne7 25. Bxh8 Nxf5 26. Nxf5 Rxh8 27. g3 Bf6 28. c3 Re8 29. Rf2 Re6 30. Kf1 Re8 31. Re2 Rxe2 32. Kxe2 Ke6 33. Ne3 c5 34. Ng2 Be5 35. Kf2 b6 36. Ne3 Bf6 37. Nf1 Kf5 38. Nd2 Bg7 39. Ne4 Bh6 40. b3 1/2-1/2

[Event "GBR-ch111 Major Open"]
[Site "Liverpool"]
[Date "2025.08.05"]
[Round "4.44"]
[White "Mittal, Advik"]
[Black "Pick, Freddie"]
[Result "0-1"]
[WhiteElo "1806"]
[BlackElo "1978"]
[PlyCount "72"]
[EventDate "2025.08.02"]
[EventType "swiss"]
[EventRounds "9"]
[EventCountry "GBR"]
[SourceTitle "BritBase"]
[Source "John Saunders"]
[SourceDate "2025.08.11"]
[SourceVersion "1"]
[SourceVersionDate "2025.08.11"]
[SourceQuality "1"]

1. d4 Nf6 2. Bf4 c5 3. d5 d6 4. Nc3 e5 5. Bd2 g6 6. e4 Bg7 7. Bd3 Na6 8. a3 Nc7 9. h3 Bd7 10. a4 b6 11. Nce2 c4 12. Bxc4 Nxe4 13. Nf3 O-O 14. O-O f5 15. Ng3 Nxg3 16. fxg3 e4 17. Bg5 Qe8 18. Nd4 Kh8 19. c3 Rc8 20. Nb5 Nxb5 21. Bxb5 Bxb5 22. axb5 Rf7 23. Qa4 Rc5 24. c4 Bxb2 25. Ra2 Be5 26. Bf4 Bxf4 27. Rxf4 Qe5 28. Kh2 g5 29. Rf1 f4 30. gxf4 gxf4 31. Kh1 Rc8 32. Raf2 Rg8 33. Qa6 e3 34. Rxf4 Rfg7 35. Rg1 e2 36. Qa1 Rxg2 0-1

[Event "GBR-ch111 Major Open"]
[Site "Liverpool"]
[Date "2025.08.05"]
[Round "4.45"]
[White "Owen, Dennis"]
[Black "Mize, Dylan"]
[Result "1/2-1/2"]
[WhiteElo "1974"]
[BlackElo "1791"]
[PlyCount "136"]
[EventDate "2025.08.02"]
[EventType "swiss"]
[EventRounds "9"]
[EventCountry "GBR"]
[SourceTitle "BritBase"]
[Source "John Saunders"]
[SourceDate "2025.08.11"]
[SourceVersion "1"]
[SourceVersionDate "2025.08.11"]
[SourceQuality "1"]

1. d4 Nf6 2. c4 e6 3. Nc3 Bb4 4. Qc2 d6 5. Nf3 Nc6 6. a3 Bxc3+ 7. Qxc3 Qe7 8. e3 a5 9. Bd3 O-O 10. Bd2 e5 11. dxe5 dxe5 12. e4 Bg4 13. Ng1 Nd7 14. f3 Be6 15. Be3 f6 16. Ne2 Bf7 17. Rc1 Nc5 18. Bb1 Rfd8 19. O-O a4 20. Rcd1 b6 21. Bc2 Rxd1 22. Rxd1 Rd8 23. Rxd8+ Nxd8 24. Nc1 Nde6 25. Nd3 Nxd3 26. Bxd3 Qd7 27. Bc2 Nd4 28. Bd3 c5 29. Kf2 g5 30. g4 Kg7 31. h3 Kg6 32. Kg2 Kg7 33. Kg3 h5 34. Kg2 h4 35. Qd2 Kh6 36. Qf2 Kg7 37. Qd2 Kg6 38. Qc3 Nc6 39. Bf2 Kg7 40. Be2 Nd4 41. Bf1 Ne6 42. Be3 Qd1 43. Qd2 Qb3 44. Qc3 Nd4 45. Qxb3 Nxb3 46. Be2 Na5 47. Bd2 Nxc4 48. Bxc4 Bxc4 49. Bc3 Kf7 50. Kf2 Ke6 51. Kg2 Kd7 52. Kf2 Kc6 53. Kg1 Be2 54. Kf2 Bd1 55. f4 gxf4 56. g5 fxg5 57. Bxe5 f3 58. Bf6 Kd6 59. Bxg5 Ke5 60. Bxh4 Kxe4 61. Bd8 b5 62. Be7 c4 63. Bb4 Kf5 64. Ba5 Kg6 65. Bb4 Kh5 66. Kg3 Be2 67. Bc3 Kg6 68. Kf2 Kf5 1/2-1/2

[Event "GBR-ch111 Major Open"]
[Site "Liverpool"]
[Date "2025.08.05"]
[Round "4.46"]
[White "Keely, Leo A"]
[Black "Woozeer, Seth"]
[Result "1/2-1/2"]
[WhiteElo "1906"]
[BlackElo "1780"]
[PlyCount "120"]
[EventDate "2025.08.02"]
[EventType "swiss"]
[EventRounds "9"]
[EventCountry "GBR"]
[SourceTitle "BritBase"]
[Source "John Saunders"]
[SourceDate "2025.08.11"]
[SourceVersion "1"]
[SourceVersionDate "2025.08.11"]
[SourceQuality "1"]

1. d4 Nf6 2. Bg5 g6 3. Bxf6 exf6 4. e3 d5 5. g3 Bg7 6. Bg2 c6 7. Ne2 f5 8. Nd2 Nd7 9. c4 dxc4 10. Nxc4 O-O 11. O-O Nf6 12. Rb1 Be6 13. b3 Bd5 14. f3 Re8 15. Ne5 Nd7 16. e4 fxe4 17. fxe4 Be6 18. Nc4 Nb6 19. e5 Re7 20. Nd6 Nc8 21. Ne4 Nb6 22. Nc5 Bd5 23. Nf4 Bxg2 24. Kxg2 Nd5 25. Qf3 Nxf4+ 26. Qxf4 Qd5+ 27. Qe4 Rd8 28. Qxd5 Rxd5 29. Rbd1 Bxe5 30. Rfe1 b6 31. dxe5 Rxc5 32. e6 Rxe6 33. Rxe6 fxe6 34. Rd8+ Kg7 35. Rd7+ Kh6 36. Rxa7 Ra5 37. Re7 Rxa2+ 38. Kf3 Rb2 39. h4 Rxb3+ 40. Kf4 e5+ 41. Rxe5 Kg7 42. Re7+ Kg8 43. Rc7 c5 44. Rc8+ Kg7 45. Rc7+ Kh6 46. g4 Rb4+ 47. Kf3 g5 48. Rc6+ Kg7 49. hxg5 c4 50. Kg3 b5 51. Kh4 Rb1 52. Rc7+ Kg6 53. Rc6+ Kf7 54. Rc7+ Ke6 55. Kg3 Rg1+ 56. Kf4 Rf1+ 57. Ke4 Re1+ 58. Kf4 Rf1+ 59. Ke4 Re1+ 60. Kf4 Rf1+ 1/2-1/2

[Event "GBR-ch111 Major Open"]
[Site "Liverpool"]
[Date "2025.08.05"]
[Round "4.47"]
[White "Waterfield, Mark B"]
[Black "Sahoo, Shivam"]
[Result "1/2-1/2"]
[WhiteElo "1869"]
[BlackElo "1791"]
[PlyCount "87"]
[EventDate "2025.08.02"]
[EventType "swiss"]
[EventRounds "9"]
[EventCountry "GBR"]
[SourceTitle "BritBase"]
[Source "John Saunders"]
[SourceDate "2025.08.11"]
[SourceVersion "1"]
[SourceVersionDate "2025.08.11"]
[SourceQuality "1"]

1. e4 c5 2. Nf3 Nc6 3. d4 cxd4 4. Nxd4 Nf6 5. Nc3 e5 6. Ndb5 d6 7. Bg5 a6 8. Na3 b5 9. Bxf6 gxf6 10. Nd5 Bg7 11. Bd3 Ne7 12. Nxe7 Qxe7 13. O-O O-O 14. c3 f5 15. Nc2 d5 16. exd5 e4 17. Re1 Qd6 18. Bf1 Bb7 19. Ne3 Qg6 20. Qb3 Rab8 21. Rad1 Rfd8 22. Nc2 Bf8 23. Nb4 Bc5 24. Nc6 Bxc6 25. dxc6 Qxc6 26. Rxd8+ Rxd8 27. Rd1 Rxd1 28. Qxd1 Qb6 29. Qe2 b4 30. cxb4 Qxb4 31. Qxa6 Kg7 32. Qe2 Qd4 33. g3 Kg6 34. a3 h5 35. b4 Bb6 36. h4 Qc3 37. Qc4 Qf6 38. b5 Kg7 39. Kg2 Qe5 40. Qc1 f6 41. Be2 Qd4 42. Qe3 Qd6 43. Qf4 Qd5 44. Kh2 1/2-1/2